Geography Quiz

Random Geography or World Quiz

Most Populous Countries A-Z by Image Quiz Stats

Quiz Updated May 4, 2016

Challenge
Share
Tweet
Score 0/24 Timer 06:00
7 Plays Today
% Correct
Brazil
99.1%
China
99.1%
France
96.1%
India
96.1%
Germany
94.8%
United States of America
93.7%
Russia
93.1%
Kenya
91.7%
Japan
91.3%
Vietnam
90.8%
Qatar
88.3%
Mexico
87%
% Correct
Laos
85.9%
Yemen
85.7%
Oman
84.6%
Turkey
82.9%
Argentina
77.1%
Zambia
75.8%
Ethiopia
73.7%
South Africa
68%
Nigeria
67.5%
Haiti
66.4%
Pakistan
65.8%
Democratic Republic of the Congo
62%

You're not logged in!

Compare scores with friends on all Sporcle quizzes.
Sign Up with Email
OR
Log In

You Might Also Like...

Show Comments

Extras

Top Quizzes Today


Score Distribution

Your Account Isn't Verified!

In order to create a playlist on Sporcle, you need to verify the email address you used during registration. Go to your Sporcle Settings to finish the process.